00535nam a2200157 4500999001300000008004100013082001900054100002700073245004600100250001200146260002800158300001500186650002400201942001200225952014000237 c787d787191218b ||||| |||| 00| 0 eng d00a808.0666bK177 9314aKapp, Reginald O.10aThe Presentation of Technical Information a1st ed. aLondonbConstablec1949 axi, 147 p. 0aTechnology Language 2ddccBK 00102ddc406808_066600000000000_K1777092908aCLbCLd1952-10-10l3m1o808.0666 K177p00281q2026-05-23r2026-05-08s2026-05-08yBK